1912 1134 1839 1484 1426 1482 1065 1219 1003 1550 1575 1796 1429 1725 1284 1011 1688 1563 1444 1460 1646 1412 1859 1040 1509 1286 1538 1769 1416 1662 1448 1897 1819 1662 1507 1131 1064 1865 1175 1786 1494 1768 1154 1000 1029 1271 1334 1613 1628 1415 1398 1288 1091 1386 1057 1950 1244 1585 1253 1970 1246 1760 1408 1734 1649 1172 1697 1510 1614 1053 1068 1223 1721 1712 1392 1256 1921 1219 1390 1366 1102 1085 1999 1586 1491 1284 1643 1872 1315 1337 1263 1346 1610 1514 1519 1038 1417 1419 1718 BCNSPRNW ULIB Ver.6.0+V

เปลี่ยนเป็นภาษาไทย

Change to English
 แสดงรายละเอียดบรรณานุกรม
  กลับหน้าหลัก

Brief Record : Get Marc (ISO 2709) : E-mail record : QR code < ปิดหน้าต่าง
LEADER : 00000nam 2200000uu 4500
001    13399122682
003     ULIB
008    130828s2009||||th 000 0 tha d
020    ^a9780230205901 (paperback)
060    ^a WY85^bE21
100 1  ^aEdwards, Steven D.
245 10 ^aNursing ethics : ^ba principle-based approach / ^cSteven D. Edwards.
250    ^a2nd Revised edition.
260    ^a[S.l.] : ^bPalgrave Macmillan, ^c2009.
300    ^a256 p. ; ^c24 cm.
520    ^aStruggling to understand ethics? Feeling lost when trying to handle moral dilemmas in professional practice? Worried about helping patients to make decisions in an ethical way? Nursing Ethics is an introductory text which enables you to consider, understand and tackle difficult moral problems. It takes a principle-based approach, which provides a practical and easy-to-apply framework for addressing ethical dilemmas. The book includes clear descriptions of moral theories and concepts and is packed with case examples -- giving it immediate relevance to everyday nursing situations. As well as being significantly revised and updated, this new edition includes discussion of the Nursing and Midwifery Code (2008) and an entire chapter dedicated to genetics and the related complex ethical issues. Simple, clear and accessible -- Nursing Ethics is an essential purchase for all students and practitioners of nursing and health care.
650  2 Ethics, Nursing
945    ^p2280^l0^i033943
999    ^aเกษร โพธิ์สุวรรณ
รายการนี้ยังไม่มีแท็ก
คุณยังไม่ได้ล็อกอิน คุณสามารถมีกิจกรรมร่วมกับเว็บไซต์ได้ แต่ต้องล็อกอินก่อน ::
  ล็อกอิน

รายการสื่อสารสนเทศ

ลำดับที่ ประเภท เลขเรียก/บาร์โค้ด สถานที่ สถานะ
1. Book การพยาบาล
Book การพยาบาล
WY85 E21  
  Barcode: 033943
ห้องสมุดวิทยาเขตสวรรค์ประชารักษ์
►หนังสือทั่วไป
บนชั้น

รายการใกล้เคียง
    หัวเรื่อง [Ethics, Nursing]

BibComment


ยังไม่เคยถูกคอมเมนท์

คอมเมนท์ทรัพยากรรายการนี้
  คอมเมนท์: Nursing ethics ..


 Copyright 2026. Bcnsprnw @Library